=LDR 00000nam 2200000 4500 =001 INLIS000000000041063 =005 20130612150621 =008 ***********************************Ind** =035 ##$$0010-061300000041063 =041 ##$$a Ind =082 ##$$a 813 =090 ##$$a 813, Bah t =100 ##$$a Bohjalian, Chris =245 ##$$a The double bend, ikatan ganda, Chris Bohjalian ; alih bahasa, Monica Dwi Chresnayani =260 ##$$a 2010 $b Jakarta =300 ##$$a 471 hlm, ilus, 20 cm =650 ##$$a Fiksi =850 ##$$a NBPNMAT